Guía para evaluar el estado de nutrición (Registro nro. 13013)

Detalles MARC
000 -CABECERA
Longitud fija campo de control 00754nam a22002417a 4500
003 - IDENTIFICADOR DELl NÚMERO DE CONTROL
Identificador del número de control OSt
005 - FECHA Y HORA DE LA ÚLTIMA TRANSACCIÓN
Fecha y hora de la última transacción 20140818091430.0
008 - CÓDIGOS DE INFORMACIÓN DE LONGITUD FIJA
Códigos de información de longitud fija 140814b xxu||||| |||| 00| 0 eng d
020 ## - NÚMERO INTERNACIONAL NORMALIZADO PARA LIBROS
Número Internacional Normalizado para Libros (ISBN) 92-75-31515-9
040 ## - FUENTE DE LA CATALOGACIÓN
Centro transcriptor BMC
082 ## - NÚMERO DE LA CLASIFICACIÓN DECIMAL DEWEY
Númeroo de clasificación 613.2
100 1# - PUNTO DE ACCESO PRINCIPAL-NOMBRE DE PERSONA
9 (RLIN) 23853
Nombre de persona Beghin, Ivan
245 10 - MENCIÓN DE TÍTULO
Título Guía para evaluar el estado de nutrición
Mención de responsabilidad, etc. Ivan Beghin, Miriam Cap, Bruno Dujardin
250 ## - MENCIÓN DE EDICIÓN
Mención de edición 1ª reimp
260 ## - PUBLICACIÓN, DISTRIBUCIÓN, ETC. (PIE DE IMPRENTA)
Lugar de publicación, distribución, etc. Washington
Nombre del editor, distribuidor, etc. Organización Panamericana de la Salud
Fecha de publicación, distribución, etc. 1994
300 ## - DESCRIPCIÓN FÍSICA
Extensión VIII, 86 p.
Dimensiones 23 cm
490 ## - MENCIÓN DE SERIE
Mención de serie Publicación científica / Organización Panamericana de la Salud
Designación de volumen o secuencia 1989
504 ## - NOTA DE BIBLIOGRAFÍA, ETC
Nota de bibliografía, etc. Bibliografía: p. 83-86
650 24 - PUNTO DE ACCESO ADICIONAL DE MATERIA - TÉRMINO DE MATERIA
9 (RLIN) 2745
Término de materia o nombre geográfico como elemento inicial Nutrición
700 1# - PUNTO DE ACCESO ADICIONAL - NOMBRE DE PERSONA
9 (RLIN) 23854
Nombre de persona Cap, Miriam
700 1# - PUNTO DE ACCESO ADICIONAL - NOMBRE DE PERSONA
9 (RLIN) 23855
Nombre de persona Dujardin, Bruno
942 ## - ENTRADA DE ELEMENTOS AGREGADOS (KOHA)
Fuente de clasificaión o esquema Dewey Decimal Classification
Koha [por defecto] tipo de item 1- Monografias
Existencias
Suprimido Perdido Fuente de clasificación o esquema Estropeado Restricciones de uso No para préstamo Código de colección Localización permanente Localización actual Localización en estanter&íacute;as Fecha adquisición Fuente de adquisición Número de inventario Préstamos totales Signatura completa Código de barras Fecha última consulta Fecha último préstamo Coste, precio reemplazado Fecha del precio de reemplazo Tipo de item de Koha
NULL NULL Dewey Decimal Classification NULL Prestable NULL NULL Biblioteca Miguel de Cervantes - UNICAES Biblioteca Miguel de Cervantes - UNICAES Sala Principal 15/08/2014 Donación - Facultad de Ciencias y Humanidades 020508 5 613.2 BEG gui 1020864 13/02/2018 12/02/2018 9.00 15/08/2014 1- Monografias
NULL NULL Dewey Decimal Classification NULL Prestable NULL NULL Biblioteca Miguel de Cervantes - UNICAES Biblioteca Miguel de Cervantes - UNICAES Sala Principal 03/09/2003 Donación - Facultad de Ciencias y Humanidades 020509 9 613.2 BEG gui 1020865 21/01/2019 21/01/2019 9.00 15/08/2014 1- Monografias